| Tag |
First Indicator |
Second Indicator |
Subfields |
| LEADER |
00000pam a2200000 a 4500 |
| 001 |
in00000092378 |
| 005 |
20150923132129.0 |
| 008 |
770110s1977 maua j 00110 engm |
| 010 |
|
|
|a 77023183
|
| 020 |
|
|
|a 0316530913
|
| 035 |
|
|
|a (OCoLC)02797805
|
| 035 |
|
|
|9 AAK7462AM
|
| 040 |
|
|
|a DLC
|c DLC
|d m.c.
|d TXA
|d UtOrBLW
|
| 049 |
|
|
|a [Curr Col] TXAM
|c [1561928]
|
| 050 |
0 |
0 |
|a GV1446
|b L57
|
| 082 |
0 |
|
|a 794.1/2
|
| 100 |
1 |
|
|a Lombardy, William.
|
| 245 |
1 |
0 |
|a Chess for children, step by step :
|b a new, easy way to learn the game /
|c William Lombardy and Bette Marshall ; photographs by Bette Marshall ; Chess art by John Schnell.
|
| 250 |
|
|
|a 1st ed.
|
| 264 |
|
1 |
|a Boston :
|b Little, Brown,
|c [1977]
|
| 264 |
|
4 |
|c ©1977
|
| 300 |
|
|
|a 107 pages :
|b illustrations (some color) ;
|c 23 x 29 cm.
|
| 336 |
|
|
|a text
|b txt
|2 rdacontent
|
| 337 |
|
|
|a unmediated
|b n
|2 rdamedia
|
| 338 |
|
|
|a volume
|b nc
|2 rdacarrier
|
| 500 |
|
|
|a Includes index.
|
| 520 |
|
|
|a Simple games teach beginning players how to move each chess piece and what each can do in a game.
|
| 650 |
|
0 |
|a Chess
|v Juvenile literature.
|
| 650 |
|
1 |
|a Chess.
|
| 700 |
1 |
|
|a Marshall, Bette.
|
| 700 |
1 |
|
|a Schnell, John.
|
| 999 |
|
|
|a MARS
|
| 999 |
f |
f |
|s 3312dbf5-3c43-3dde-90c0-c829269d778a
|i 094663da-add2-33d2-91e0-d79437df121b
|t 0
|
| 952 |
f |
f |
|p normal
|a Texas A&M University
|b College Station
|c Sterling C. Evans Library
|d Evans: Curriculum Collection (4th floor)
|t 0
|e GV1446 L57
|h Library of Congress classification
|i unmediated -- volume
|m A14806273519
|
| 998 |
f |
f |
|a GV1446 L57
|t 0
|l Evans: Curriculum Collection (4th floor)
|